<?xml version="1.0" encoding="UTF-8"?>
<collection xmlns="http://www.loc.gov/MARC21/slim">
 <record>
  <leader>00830cam a2200253 7i4500</leader>
  <controlfield tag="001">0000058309</controlfield>
  <controlfield tag="005">20240808090000.0</controlfield>
  <controlfield tag="007">  Monographs</controlfield>
  <controlfield tag="008">240808          eng</controlfield>
  <datafield tag="020" ind1=" " ind2=" ">
   <subfield code="a">9789834611507  (pbk.) </subfield>
  </datafield>
  <datafield tag="090" ind1="0" ind2="0">
   <subfield code="a">PL5186.Z2934 ASM 2014 </subfield>
  </datafield>
  <datafield tag="100" ind1="1" ind2="0">
   <subfield code="a">Asmah Haji Omar </subfield>
   <subfield code="e">author </subfield>
  </datafield>
  <datafield tag="245" ind1="1" ind2="0">
   <subfield code="a">Za'ba : </subfield>
   <subfield code="b">ahli fikir dan ahli bahasa  </subfield>
   <subfield code="c">Asmah Haji Omar..</subfield>
  </datafield>
  <datafield tag="250" ind1=" " ind2=" ">
   <subfield code="a">Edisi Pertama.</subfield>
  </datafield>
  <datafield tag="264" ind1=" " ind2="1">
   <subfield code="a">Kuala Lumpur: </subfield>
   <subfield code="b">DBP, </subfield>
   <subfield code="c">2014.</subfield>
  </datafield>
  <datafield tag="300" ind1=" " ind2=" ">
   <subfield code="a">xvi, 261 pages: </subfield>
   <subfield code="b">illustrations: </subfield>
   <subfield code="b">23cm.</subfield>
  </datafield>
  <datafield tag="336" ind1=" " ind2=" ">
   <subfield code="a">text</subfield>
   <subfield code="2">rdacontent</subfield>
  </datafield>
  <datafield tag="337" ind1=" " ind2=" ">
   <subfield code="a">unmedaited</subfield>
   <subfield code="2">rdamedia</subfield>
  </datafield>
  <datafield tag="338" ind1=" " ind2=" ">
   <subfield code="a">volume</subfield>
   <subfield code="2">rdacarrier</subfield>
  </datafield>
  <datafield tag="504" ind1="0" ind2="0">
   <subfield code="a">Includes bibliographical references and index</subfield>
  </datafield>
  <datafield tag="650" ind1="0" ind2="0">
   <subfield code="a">Za'ba Tan Sri Pendeta 1895-1973 </subfield>
  </datafield>
  <datafield tag="650" ind1="0" ind2="0">
   <subfield code="a">Authors Malay -- </subfield>
   <subfield code="x">Biography </subfield>
  </datafield>
  <datafield tag="650" ind1="0" ind2="0">
   <subfield code="a">Intellectuals -- </subfield>
   <subfield code="x">Malaysia -- </subfield>
   <subfield code="y">Biography </subfield>
  </datafield>
  <datafield tag="650" ind1="0" ind2="0">
   <subfield code="a">Scholar Muslim -- </subfield>
   <subfield code="z">Malaysia </subfield>
  </datafield>
 </record>
</collection>
